| 000 | 00745nam a2200253Ia 4500 | ||
|---|---|---|---|
| 003 | OSt | ||
| 005 | 20220926020311.0 | ||
| 006 | a|||||r|||| 00| 0 | ||
| 007 | ta | ||
| 008 | 220923b |||||||| |||| 00| 0 eng d | ||
| 020 |
_a0415913101 _c722.5 |
||
| 037 |
_b3871, 07/03/2014, Rajeshwar Book Pvt Ltd. _cGeneral Book |
||
| 040 |
_aRTL _cRTL _beng |
||
| 041 |
_2eng _aeng |
||
| 082 | _aY9 (T), M2;N5/TD | ||
| 100 | _aAPPLE Michael W | ||
| 245 | 0 | _aEducation and power. | |
| 250 | _a2nd | ||
| 260 |
_aNew York _bRoutledge _c1995 |
||
| 300 |
_axxx,206p. _ccm. |
||
| 650 | _aSociology | ||
| 942 |
_hY9 (T), M2;N5/TD _cGB _2CC |
||
| 999 |
_c633912 _d633912 |
||